Countries Bordering "P" Countries - Sudden Death - Statistics

General Stats
  • This quiz has been taken 219 times
  • The average score is 8 of 12
Answers on the Grid
Answers color-coded by a green-red scale on the quiz's grid according to % correct below.
India
Colombia
Indonesia
Argentina
Brazil
Germany
Spain
Iran
Ecuador
Slovakia
Costa Rica
Lithuania
Nicaragua
Uruguay
Zambia
Algeria
Norway
Bulgaria
Uzbekistan
Vietnam
 
Answer Stats
Answer % Correct
Portugal Spain
81%
Poland Germany
78%
Pakistan India
78%
Paraguay, Peru Brazil
76%
Panama, Peru Colombia
70%
Panama Costa Rica
68%
Peru Ecuador
66%
Paraguay Argentina
65%
Poland Slovakia
62%
Poland Lithuania
60%
Papua New Guinea Indonesia
56%
Pakistan Iran
49%
No matching quizzes found
Score Distribution
Percent of People with Each Score
Percentile by Number Answered
Your Score History
You have not taken this quiz